000 00543nam a2200169 i 4500
001 75006
003 ES-MaACL
005 20230906172319.0
007 t|
008 040921s1953 sp ||||1| spa d
100 1 _aGonzalvo Catalán, José.
_959069
245 1 3 _aLa difícil palabra
_b: poesía /
_cJosé Gonzalvo Catalán, Enrique José Vallespi.
260 _a[S.l. :
_bs.n.],
_c1953 (
_eZaragoza :
_fTip. La Academia)
300 _a43 p. ;
_c21 cm.
700 1 _aVallespi, Enrique José.
_9112900
852 _aES-MaACL
_j1982-F-12
_bR.34417
999 _c75006
_d75006